Loading...
| History - World History | 0 | 6 | 0 | 2 | 60 | 98 | 124.17 | 0 | 0 |
| Geography | 0 | 4 | 0 | 1 | 40 | 108 | 125.25 | 0 | 0 |
| History - American History | 0 | 3 | 0 | 2 | 30 | 136 | 141.33 | 0 | 0 |
| History - European History | 0 | 3 | 1 | 0 | 25 | 90 | 120.00 | 0 | 1 |
| Science - Physics | 0 | 3 | 1 | 0 | 25 | 107 | 128.00 | 0 | 0 |
| Fine Arts - Other Fine Arts | 0 | 2 | 0 | 0 | 20 | 64 | 95.00 | 0 | 0 |
| Literature - British Literature | 0 | 2 | 0 | 1 | 20 | 105 | 120.00 | 0 | 1 |
| Social Science | 0 | 2 | 1 | 2 | 15 | 137 | 141.00 | 0 | 0 |
| Religion | 0 | 2 | 1 | 0 | 15 | 73 | 111.50 | 1 | 1 |
| Science - Biology | 0 | 2 | 1 | 0 | 15 | 117 | 117.50 | 0 | 0 |
| Philosophy | 0 | 1 | 0 | 1 | 10 | 127 | 127.00 | 0 | 0 |
| Fine Arts - Classical Music | 0 | 1 | 0 | 0 | 10 | 126 | 126.00 | 0 | 0 |
| Current Events | 0 | 1 | 0 | 0 | 10 | 97 | 97.00 | 0 | 0 |
| Science - Other Science | 0 | 2 | 2 | 1 | 10 | 103 | 118.50 | 0 | 0 |
| Literature - American Literature | 0 | 1 | 0 | 0 | 10 | 130 | 130.00 | 0 | 0 |
| Mythology | 0 | 1 | 0 | 0 | 10 | 142 | 142.00 | 0 | 0 |